Normal view MARC view

Entry Nombre personal

Number of records used in: 1

001 - NÚMERO DE CONTROL

  • campo de control: 151570

003 - IDENTIFICADOR DE NÚMERO DE CONTROL

  • campo de control: SpMaBN

005 - FECHA Y HORA DE LA ÚLTIMA TRANSACCIÓN

  • campo de control: 20230620140030.0

008 - ELEMENTOS DE DATO DE LONGITUD-FIJA

  • campo de control de longitud fija: 901120nn aijnnaabn a aaa

016 ## - NÚMERO DE CONTROL DE UNA AGENCIA BIBLIOGRÁFICA NACIONAL

  • Número de control del registro: BNE19900402736

024 7# - IDENTIFICADOR DE OTROS ESTÁNDARES

  • Número estándar o código: http://viaf.org/viaf/86647571/
  • Fuente: viaf

024 7# - IDENTIFICADOR DE OTROS ESTÁNDARES

  • Número estándar o código: https://isni.org/isni/0000000059919127
  • Fuente: isni

024 7# - IDENTIFICADOR DE OTROS ESTÁNDARES

  • Número estándar o código: http://www.wikidata.org/entity/Q108536584
  • Fuente: wikidata

040 ## - FUENTE DE CATALOGACIÓN

  • Centro catalogador/agencia de origen: SpMaBN
  • Lengua de catalogación: spa
  • Centro/agencia transcriptor: SpMaBN
  • Normas de descripción: rdc
  • Convención/Normas de encabezamiento de materia/tesauro: embne
  • Centro/agencia modificador: ES-MaACL

100 1# - ENCABEZAMIENTO-NOMBRE DE PERSONA

  • Nombre de persona: Abol-Brasón y Álvarez-Tamargo, Manuel de,

372 ## - CAMPO DE ACTIVIDAD

  • Campo de actividad: Historia del Derecho y de las Instituciones
  • Fuente de información: (Dialnet)

375 ## - GÉNERO/SEXO

  • Género: Masculino

400 1# - TRAZADO DE VÉASE--NOMBRE DE PERSONA

  • Nombre de persona: Abol y Álvarez-Tamargo, Manuel de,

670 ## - FUENTE DE DATOS ENCONTRADOS

  • Cita de la fuente: Documentos escogidos de la Casa de Jovellanos en el Archivo de Mohías, 2011;
  • Información encontrada: port. (Manuel de Abol-Brasón y Álvarez-Tamargo)

670 ## - FUENTE DE DATOS ENCONTRADOS

  • Cita de la fuente: El derecho privado en los documentos sobradenses en la alta edad media, 1987;
  • Información encontrada: port. (Manuel de Abol y Álvarez-Tamargo)

670 ## - FUENTE DE DATOS ENCONTRADOS

  • Cita de la fuente: Somiedo, parque natural, de Manuel de Abol-Brasón y Álvarez Tamargo, et al., 1994;

670 ## - FUENTE DE DATOS ENCONTRADOS

  • Cita de la fuente: WWW Bn España aut., 20-6-2023;
  • Información encontrada: (Abol-Brasón y Alvarez-Tamargo, Manuel de)

955 ## - CATALOGADOR - EDICIÓN

  • Nombre del catalogador: Julia Mas Vieira